000 00588nam a22002177a 4500
003 UA-OsUOA
001 45431
007 ta
008 20070418b un ||||| |||| 00| 0 ukr d
090 _a34(282.247.34)(055)
_bК85
942 _cBK
040 _aUA-OsUOA
_bukr
_cUA-OsUOA
_dUA-OsUOA
245 _aКримські студії
_bІнформаційний бюлетень
300 _a316 с.
955 _a1
041 _aukr
080 _a34(282.247.34)(055)
260 _aК.
_bЦІДКТ
_c2005
650 7 _a34 Право. Юриспруденція
_2UDC
999 _c331536
_d331536